Представление документа в формате RUSMARC

ПолеНазваниеЗначение
  Тип записи a
  Библиографический уровень m
001 Контрольный номер UONB/MAIN/b4ec6667c6b24eff8e8e7d5fbfc1586f
005 Дата корректировки 20251121115306.8
010 Индекс ISBN __
d Цена 33 к.
9 Тираж 1000 экз.
100 Данные общей обработки __
a Данные общей обработки 20241113d1969 m y0rusy0189 ca
101 Язык документа 0_
a Язык текста rus
102 Страна публикации __
a Страна публикации RU
105 Кодированные данные (монография) __
a Кодированные данные (монография) a z 100yy
200 Заглавие и сведения об ответственности 1_
a Заглавие Архитектура
e Сведения, относящиеся к заглавию краткое содерж. докладов к IV конференции молодых ученых-строителей (25 дек. 1969 г.)
f Первые сведения об ответственности М-во высш. и сред. спец. образования, Ленингр. инж.-строит. ин-т
203 Вид содержания и тип средства __
a Вид содержания Текст
b Характеристика содержания визуальный
c Тип средства непосредственный
210 Выходные данные 1_
a Место издания Ленинград
c Издательство [б. и.]
d Дата издания 1969
215 Физическое описание __
a Объем 78 с.
c Иллюстрации/тип воспроизводства ил.
d Формат 21 см
606 Тематические рубрики 0_
a Основная рубрика Архитектура
j Формальный подзаголовок Тезисы докладов
610 Ключевые слова 0_
a Ключевые слова архитектура
610 Ключевые слова 0_
a Ключевые слова тезисы докладов по архитектуре
686 Индексы других классификаций __
a Классификационный индекс 85.11я43
2 Код системы rubbk
711 Наименование организации. (Альтернативная ответственность) 12
a Организация/ юрисдикция Конференция молодых ученых-строителей
d Порядковый номер 4-я
e Место проведения Ленинград
f Дата проведения 1969
4 Код отношения 570
712 Наименование организации (Вторичная ответственность) 02
a Организация/ юрисдикция Министерство высшего и среднего специального образования РСФСР
b Другие уровни Ленинградский инженерно-строительный институт
4 Код отношения 570
801 Источник записи _0
a Страна RU
b Организация Ульяновская ОНБ
c Дата составления 20241113
g Правила каталогизации RCR
801 Источник записи _1
a Страна RU
b Организация Ульяновская ОНБ
c Дата составления 20241113
g Правила каталогизации RCR
901 Тип документа __
t Тип документа m
909 Создатель записи __
a Создатель записи Кадыкова
b Дата создания записи 20241113